00807 2200289 4500001002100000005001500021035002000036007000300056040001200059100003000071245008600101250001200187300003300199020001800232041000800250082001200258084001800270090002200288264003700310336002100347337003000368338002300398650002300421850001000444008004100454990002200495INLIS00000000000679720260410094408 a0010-0622000132ta aSBPUPAD0 aTim Bakti GuruePengarang1 aTangkas Menulis Tegak Bersambung Untuk Sekolah Dasar Kelas Satu /cTim Bakti Guru a.-Cet.7 av,57 hlm. :billus. ;c23 cm a979-514-765-X0 aind a372.634 a372.634 TIM t a372.634 TIM t 9-9 a.--Bandung :bRosda Karya,c2005 2rdacontentaTeks 2rdamediaaTanpa Perantara 2rdacarrieravolume 4aMedia Pembelajaran aPUPAD260410 0  a2280/H/ARPUS/2007